[Event "136689 14th Rakosmente Open"]
[Site "?"]
[Date "2016.05.29"]
[Round "5.15"]
[White "Kapicakova, Lucia"]
[Black "Csermely, Zoltan"]
[Result "0-1"]
[WhiteElo "1339"]
[BlackElo "1619"]
[PlyCount "46"]

1. f4 b6 2. Nf3 Bb7 3. e3 d5 4. g3 Nd7 5. Bg2 a5 6. O-O a4 7. Nc3 Ra5 8. d3 e6
9. Bd2 c5 10. e4 d4 11. Ne2 Ra7 12. e5 Qa8 13. b3 h5 14. Nh4 Be7 15. Bxb7 Qxb7
16. Nf3 h4 17. Be1 hxg3 18. Bxg3 Nh6 19. Kg2 Nf5 20. Bf2 f6 21. Ng3 Nh4+ 22.
Kg1 Nxf3+ 23. Kg2 Rxh2# 0-1

[Event "136689 14th Rakosmente Open"]
[Site "?"]
[Date "2016.05.29"]
[Round "5.17"]
[White "Filep, Gyorgy dr"]
[Black "Timko, Gyula"]
[Result "0-1"]
[WhiteElo "1459"]
[BlackElo "1612"]
[PlyCount "46"]

1. e4 g6 2. d4 Bg7 3. f4 d6 4. Nc3 a6 5. Nf3 b5 6. Bd3 Bb7 7. O-O c6 8. e5 Qd7
9. exd6 Qxd6 10. Be3 Nf6 11. Ne4 Nxe4 12. Bxe4 Nd7 13. c3 O-O 14. Qc2 Qc7 15.
Rae1 Nf6 16. h3 Rad8 17. f5 Nxe4 18. Qxe4 c5 19. Qc2 Bxf3 20. Rxf3 cxd4 21. f6
Bxf6 22. Rxf6 exf6 23. Bxd4 Rxd4 0-1